Mohammad Dara Shikoh (Record no. 1227899)

MARC details
000 -LEADER
fixed length control field 00584nam a2200205Ia 4500
005 - DATE AND TIME OF LATEST TRANSACTION
control field 20241129110242.0
008 - FIXED-LENGTH DATA ELEMENTS--GENERAL INFORMATION
fixed length control field 241129s9999||||xx |||||||||||||| ||und||
037 ## - SOURCE OF ACQUISITION
Stock number TB
040 ## - CATALOGING SOURCE
Original cataloging agency ARTS
Language of cataloging eng
Transcribing agency ARTS
041 ## - LANGUAGE CODE
Language code of text/sound track or separate title eng
Source of code urd
084 ## - COLON CLASSIFICATION NUMBER
Classification number V2,1wK15 168Q2
Assigning agency ARTS
100 ## - MAIN ENTRY--PERSONAL NAME
Personal name Shakeelurrehman Au.
9 (RLIN) 190085
245 #0 - TITLE STATEMENT
Title Mohammad Dara Shikoh
Statement of responsibility, etc. Shakeelurrehman Au.
260 ## - PUBLICATION, DISTRIBUTION, ETC.
Place of publication, distribution, etc. New Delhi, India
Name of publisher, distributor, etc. New Nirali duniya publications
Date of publication, distribution, etc. 2012
300 ## - PHYSICAL DESCRIPTION
Extent 111p.
365 ## - TRADE PRICE
Price type code INR
Price amount 200
650 ## - SUBJECT ADDED ENTRY--TOPICAL TERM
Topical term or geographic name entry element History-India
942 ## - ADDED ENTRY ELEMENTS (KOHA)
Koha item type Textbook
Classification part V2,1wK15 168Q2
Holdings
Withdrawn status Lost status Damaged status Not for loan Home library Current library Date acquired Source of acquisition Cost, normal purchase price Inventory number Total Checkouts Full call number Barcode Date last seen Price effective from Koha item type
        Arts Library Arts Library 2024-11-29 M.R. Publications 200.00 3109 & 08/02/2024   V2,1wK15 168Q2 AL1803934 2024-11-29 2024-11-29 Textbook
Copyright @ Delhi University Library System